<?xml version="1.0" encoding="UTF-8"?><?xml-stylesheet type="text/xsl" href="static/style.xsl"?><OAI-PMH xmlns="http://www.openarchives.org/OAI/2.0/" xmlns:xsi="http://www.w3.org/2001/XMLSchema-instance" xsi:schemaLocation="http://www.openarchives.org/OAI/2.0/ http://www.openarchives.org/OAI/2.0/OAI-PMH.xsd"><responseDate>2026-04-27T13:51:23Z</responseDate><request verb="GetRecord" identifier="oai:uvadoc.uva.es:10324/15768" metadataPrefix="marc">https://uvadoc.uva.es/oai/request</request><GetRecord><record><header><identifier>oai:uvadoc.uva.es:10324/15768</identifier><datestamp>2021-06-29T12:09:26Z</datestamp><setSpec>com_10324_38</setSpec><setSpec>col_10324_852</setSpec></header><metadata><record xmlns="http://www.loc.gov/MARC21/slim" xmlns:doc="http://www.lyncode.com/xoai" xmlns:xsi="http://www.w3.org/2001/XMLSchema-instance" xmlns:dcterms="http://purl.org/dc/terms/" xsi:schemaLocation="http://www.loc.gov/MARC21/slim http://www.loc.gov/standards/marcxml/schema/MARC21slim.xsd">
<leader>00925njm 22002777a 4500</leader>
<datafield tag="042" ind1=" " ind2=" ">
<subfield code="a">dc</subfield>
</datafield>
<datafield tag="720" ind1=" " ind2=" ">
<subfield code="a">García González, Melisa</subfield>
<subfield code="e">author</subfield>
</datafield>
<datafield tag="260" ind1=" " ind2=" ">
<subfield code="c">2015</subfield>
</datafield>
<datafield tag="520" ind1=" " ind2=" ">
<subfield code="a">Es imposible rebatir el constante cambio en el que la sociedad actual se ve inmersa; es el contexto de crisis económica y social el que ha hecho cambiar la forma en la que se desarrollan los negocios, sobre todo para las empresas, o proyectos que buscan dar sus primeros pasos. Es&#xd;
dentro de este entorno donde el emprendimiento se dificulta y hay una evidente pérdida de confianza en las entidades financieras, donde surgen no sólo nuevas necesidades en cuanto a búsqueda de subvenciones, sino también nuevas soluciones para lograr la mayor recaudación de capital posible, en el menor tiempo y de la forma más directa.&#xd;
El crowdfunding también conocido como micromecenazgo se ha convertido en los últimos años en una plataforma de suma importancia para proyectos que tienen claros sus objetivos, pero que carecen de capital para lograrlos.</subfield>
</datafield>
<datafield tag="024" ind2=" " ind1="8">
<subfield code="a">http://uvadoc.uva.es/handle/10324/15768</subfield>
</datafield>
<datafield ind1=" " ind2=" " tag="653">
<subfield code="a">Empresas-Finanzas</subfield>
</datafield>
<datafield ind1=" " ind2=" " tag="653">
<subfield code="a">Emprendedores</subfield>
</datafield>
<datafield ind1=" " ind2=" " tag="653">
<subfield code="a">Mecenazgo</subfield>
</datafield>
<datafield tag="245" ind1="0" ind2="0">
<subfield code="a">Innovación creativa y empresarial. Descubriendo el fenómeno de crowdfunding</subfield>
</datafield>
</record></metadata></record></GetRecord></OAI-PMH>